| 000 | 00400nam a2200157Ia 4500 | ||
|---|---|---|---|
| 008 | 230524s9999 xx 000 0 und d | ||
| 082 |
_a620.1 _bPAL |
||
| 100 |
_aM.S.Palanichamy _920718 |
||
| 245 | 0 | _aEngineering Mechanics Statics and Dynamics | |
| 250 | _a2ND | ||
| 260 |
_aNEW DELHI _bPearson _c2002 |
||
| 300 | _axvi;7881 | ||
| 500 | _aQuantity Number: 1 | ||
| 650 | _aMechanics | ||
| 942 | _cBK | ||
| 999 |
_c30847 _d30847 |
||